| 000 | 01585nam a2200229Ia 4500 | ||
|---|---|---|---|
| 999 |
_c32072 _d32072 |
||
| 003 | OSt | ||
| 005 | 20210518121220.0 | ||
| 008 | 160316s2010 xxu||||| |||| 00| 0 eng d | ||
| 020 | _a9781847036063 | ||
| 040 | _cN | ||
| 082 |
_a347.060000 _bPHI-Sup |
||
| 100 | _aPhipson Sidney L | ||
| 245 | _aEvidence | ||
| 250 | _a17th | ||
| 260 |
_aLondon _bSweet & Maxwell _c2010 |
||
| 300 |
_a169p _cccxlv |
||
| 365 | _b Rs. 40,094 | ||
| 505 | _aContents: Introduction; Defining the issues; Judicial notice. Admissions; Estoppels; Burden and standard of proof; Relevance, admissibility and weight; previous and subsequent existence of facts; the best evidence rule; Attendance of witnesses: witness summonses and letters of request; Competence and compellability; oath and affirmation; Evidence taken or served before trial; duty to disclose; Rules of evidence relating to the course of a trial: General; Rules of evidence relating to the course of a trial; Examination of witnesses; Evidence taken after trial; Corroboration and supporting evidence; Identification; Physical conditions; states of mind and emotions; Character: general and introductory; Good character; Bad character of the accused (prosecution aspects); Bad character of the accused (defence aspects); Bad character of the co-accused; Bad character of persons other than the accused; Privilege: legal professional privilege; Privilege: other forms of privileg; Facts excluded by public policy; Loss and abuse | ||
| 650 | _a1. Law of Evidence | ||
| 700 |
_a _a |
||
| 942 |
_2ddc _cBK |
||